000 00919nmm a2200289 a 4500
003 AR-X00000XY
005 20251128211948.0
008 087020s2007 ||||||||||||||000 | spa||
040 _cAR-X00000XY
245 1 0 _aNunca más
_bterrorismo de estado : recopilación periodística a 30 años del golpe militar : 1976-2006 : álbum para no olvidar
250 _a2ª ed.
260 _aNeuquén
_bAsamblea por los Derechos Humanos de Neuquén
_c2007
300 0 _a320 p.
504 _aContiene bibliografía en p. 320
650 4 _aTORTURA
650 4 _aAUTORITARISMO
650 4 _aDERECHOS HUMANOS
650 4 _aVIOLACION DE LOS DERECHOS HUMANOS
650 4 _aHISTORIA
650 4 _aPOLITICA
651 4 _aArgentina
653 0 _aPROCESO DE REORGANIZACION NACIONAL
653 0 _aDICTADURA MILITAR 1976-1983
710 1 _aAsamblea por los Derechos Humanos de Neuquén
942 _cBK
998 _cNancy
999 _c21815
_d21815